Kunst als Beschreibung : holländische Malerei des 17. Jahrhunderts

Saved in:
Bibliographic Details
Main Author: Alpers, Svetlana (Author)
Document Type: Book
Language:German
English
Published: Köln : DuMont , 1985
Subjects:
Online Access:Inhaltsverzeichnis
Inhaltsverzeichnis
Related Items:Rezension: Holländische Malerei im neuen Licht?
Author Notes:Svetlana Alpers. Mit einem Vorwort von Wolfgang Kemp. [Aus dem Amerikan. von Hans Udo Davitt ...]
LEADER 04387cam a2200949 c 4500
001 023537043
003 DE-627
005 20260609210332.0
007 tu
008 860513s1985 gw ||||| 00| ||ger c
015 |a 85,N37,0454  |2 dnb 
015 |a 86,A16,0663  |2 dnb 
016 7 |a 850770939  |2 DE-101 
020 |a 3770117603  |9 3-7701-1760-3 
035 |a (DE-627)023537043 
035 |a (DE-603)004027051 
035 |a (DE-576)009993053 
035 |a (DE-599)GBV023537043 
035 |a (OCoLC)1478454786 
035 |a (OCoLC)65319031 
035 |a (OCoLC)170971472 
035 |a (DE-Rt5)0629632 
040 |a DE-627  |b ger  |c DE-627  |e rakwb 
041 |a ger  |h eng 
044 |c XA-DE 
082 0 |a 759.9492 
084 |a Rll  |2 asb 
084 |a KU 786  |2 sfb 
084 |a 46  |2 sdnb 
084 |a 9,10  |2 ssgn 
084 |a LO 34230  |2 rvk  |0 (DE-625)rvk/103078: 
084 |a 21.02  |2 bkl 
100 1 |a Alpers, Svetlana  |d 1936-  |0 (DE-588)124576842  |0 (DE-627)511271239  |0 (DE-576)257391428  |4 aut 
240 1 4 |a The art of describing <dt> 
245 1 0 |a Kunst als Beschreibung  |b holländische Malerei des 17. Jahrhunderts  |c Svetlana Alpers. Mit einem Vorwort von Wolfgang Kemp. [Aus dem Amerikan. von Hans Udo Davitt ...] 
264 1 |a Köln  |b DuMont  |c 1985 
300 |a 429 S.  |b zahlr. Ill.  |c 23 cm 
336 |a Text  |b txt  |2 rdacontent 
337 |a ohne Hilfsmittel zu benutzen  |b n  |2 rdamedia 
338 |a Band  |b nc  |2 rdacarrier 
361 1 |a Jacobs, Fritz  |f Exlibris  |5 DE-Po86  |y 4789032736  |s K6-2-Nie-3-89  |o Vorbesitz  |0 (DE-588)133823962  |0 (DE-627)556793943  |0 (DE-576)161556191 
583 1 |a Archivierung/Langzeitarchivierung gewährleistet  |c 20211025  |f SLG  |x XA-DE-BW  |z Buchnachlass  |2 pdager  |5 DE-25 
583 1 |a Archivierung/Langzeitarchivierung gewährleistet  |c 20211220  |f SLG  |x XA-DE-BW  |z Provenienz  |2 pdager  |5 DE-25 
583 1 |a Archivierung/Langzeitarchivierung gewährleistet  |f SSG  |x XA-DE-BW  |2 pdager  |5 DE-16 
648 7 |a Geschichte 1600-1650  |2 gnd 
650 0 7 |0 (DE-588)4037220-0  |0 (DE-627)10623871X  |0 (DE-576)209022892  |a Malerei  |2 gnd 
650 0 7 |0 (DE-588)4026535-3  |0 (DE-627)104675268  |0 (DE-576)208966870  |a Ikonografie  |2 gnd 
650 4 |a Kunst, Malerei, Kartographie, Auge 
651 7 |0 (DE-588)4042203-3  |0 (DE-627)104400765  |0 (DE-576)209049030  |a Niederlande  |2 gnd 
653 0 |a Painting, Dutch 
653 0 |a Painting, Modern - 17th - 18th centuries - Netherlands 
653 0 |a Visual perception 
689 0 0 |d g  |0 (DE-588)4042203-3  |0 (DE-627)104400765  |0 (DE-576)209049030  |a Niederlande  |2 gnd 
689 0 1 |d s  |0 (DE-588)4037220-0  |0 (DE-627)10623871X  |0 (DE-576)209022892  |a Malerei  |2 gnd 
689 0 2 |a z  |2 gnd  |a Geschichte 1600-1700 
689 0 |5 DE-101 
689 1 0 |d g  |0 (DE-588)4042203-3  |0 (DE-627)104400765  |0 (DE-576)209049030  |a Niederlande  |2 gnd 
689 1 1 |d s  |0 (DE-588)4037220-0  |0 (DE-627)10623871X  |0 (DE-576)209022892  |a Malerei  |2 gnd 
689 1 2 |a z  |2 gnd  |a Geschichte 1600-1700 
689 1 |5 (DE-627) 
700 1 |a Davitt, Hans Udo  |4 oth 
700 1 |a Kemp, Wolfgang  |d 1946-  |0 (DE-588)120022125  |0 (DE-627)080391443  |0 (DE-576)161683630  |4 oth 
700 1 2 |a Alpers, Svetlana  |d 1936-  |t The art of describing <dt> 
700 1 2 |a Alpers, Svetlana  |d 1936-  |t The art of describing <dt.> 
787 0 8 |i Rezension  |a Schneider, Norbert, 1945 - 2019  |t Holländische Malerei im neuen Licht?  |d 1988  |w (DE-627)1464658722  |w (DE-576)394658728 
856 4 2 |u http://d-nb.info/850770939/04  |m B:DE-101  |q application/pdf  |v 20130501  |x Verlag  |3 Inhaltsverzeichnis  |7 1 
856 4 2 |u http://scans.hebis.de/HEBCGI/show.pl?00402705_toc.pdf  |m V:DE-603;B:DE-17  |q application/pdf  |3 Inhaltsverzeichnis  |7 1 
889 |w (DE-627)272818100 
889 |w (DE-627)658966464 
935 |i Blocktest 
936 r v |a LO 34230  |b 17. Jahrhundert (und Barock allgemein)  |k Kunstgeschichte  |k Kunst nach Ländern bzw. Kontinenten  |k Holland, Belgien, Luxemburg (im folgenden als Niederlande bezeichnet)  |k Niederländische Kunstgeschichte nach Gattungen  |k Malerei  |k Ordnung nach Epochen  |k 17. Jahrhundert (und Barock allgemein)  |0 (DE-627)1270652702  |0 (DE-625)rvk/103078:  |0 (DE-576)200652702 
936 b k |a 21.02  |j Geschichte der Malerei  |0 (DE-627)106406698 
936 s n |a l300  |2 mzub 
951 |a BO 
990 |a Niederlande 
990 |a Malerei 
990 |a Geschichte 1600-1700 
990 |a Niederlande 
990 |a Malerei 
990 |a Geschichte 1600-1700 
991 |a Rezensiertes Werk 
999 |a KXP-PPN023537043  |e 3997072310